2019 - Jaaroverzicht - Statistieken

Algemene statistieken
  • Deze quiz is 37 keer genomen
  • De gemiddelde score is 8 van 20
Antwoordstatistieken
Beschrijving Antwoord % Correct
Op 31 januari 2019 stapte het VK formeel uit de EU. Deze term wordt daarvoor gebruikt Brexit
89%
De leider van deze terreurorganisatie wordt door Amerikaanse troepen om het leven gebracht Islamitische Staat
79%
Deze wereldberoemde kathedraal wordt verwoest door een brand Notre Dame
71%
De temperaturen bereiken in België en Nederland voor het eerst deze grens {40} graden
68%
Donalp Trump stelt voor dat de VS dit grote eiland koopt Groenland
68%
Over deze zwaarbewaakte zone in de VS gaan geruchten rond dat men er aliens zou gevangen hebben Area 51
54%
Deze Engelse term betekent afzetting. De Democraten starten die procedure tegen Donald Trump Impeachment
54%
Deze film wordt de best-opbrengende film aller tijden {Avengers} Endgame
50%
Vele mensen komen in deze stad op straat om te protesteren tegen de Chinese overheid Hong Kong
46%
Deze vrouw wordt de eerste Belgische vrouwelijke eerste minister Sophie Wilmes
43%
Eerste zoon van Prins Harry en Meghan Markle Archie
36%
In deze stad in Nieuw-Zeeland worden enkele aanslagen gepleegd om moskeeën Christchurch
36%
HBO brengt het 8e en laatste seizoen van deze serie uit Game of Thrones
32%
De hoofdstad van Kazakstan veranderde zijn naam van Astana naar dit Nur-Sultan
25%
Dit land is het eerste land in Azië en het 25e land ter wereld dat het homohuwelijk legaliseert Taiwan
21%
De eerste foto wordt genomen van dit object Zwart Gat
14%
Deze luchtvaartmaatschappij test een 20 uur durende rechtstreekse vlucht tussen Sydney en New York Qantas
11%
Dit model van vliegtuigen moet aan de grond blijven na 2 bijzonder dodelijke ongevallen op korte tijd 737 {Max}
7%
Nieuwe keizer van Japan Naruhito
4%
Er voltrekt zich een drama in een Poolse stad waarbij 5 tienermeisjes om het leven komen. Dit waren ze op dat moment aan het doen Escaperoom
0%
Geen overeenkomende quizzen gevonden
Scoreverdeling
Procent van Mensen met Elke Score
Percentiel versus Aantal Correcte Antwoorden
Uw Scoregeschiedenis
U heeft deze quiz nog niet genomen